LEADER 01814nam1 22003613i 450 001 VAN0261697 005 20240423093235.188 100 $a20230719d2020 |0itac50 ba 101 $aeng 102 $aCH 105 $a|||| ||||| 200 1 $aSmart and Sustainable Supply Chain and Logistics$feditors Paulina Golinska-Dawson, Kune-Muh Tsai, Monika Kosacka-Olejnik 210 $aCham$cSpringer$d2020 215 $avolumi$cill.$d24 cm 410 1$1001VAN0237410$12001 $aEcoProduction$eEnvironmental Issues in Logistics and Manufacturing$1210 $aBerlin$cSpringer$d2012- 463 1$1001VAN0237434$12001 $aˆ1: ‰Trends, Challenges, Methods and Best Practices$feditors Paulina Golinska-Dawson, Kune-Muh Tsai, Monika Kosacka-Olejnik$1210 $aCham$cSpringer$d2020$1215 $aIX, 439 p.$cill.$d24 cm$v1 463 1$1001VAN0269531$12001 $aˆ2: ‰Challenges, Methods and Best Practices$fPaulina Golinska-Dawson, Kune-Muh Tsai, Karolina Werner-Lewandowska editors$1210 $aCham$cSpringer$d2023$1215 $aIX, 282 p.$cill.$d24 cm$v2 620 $aCH$dCham$3VANL001889 676 $a711$cUrbanistica (Pianificazione territoriale)$v22 676 $a660.6$cBiotecnologia. Microbiologia applicata$v22 676 $a628$cIngegneria ambientale. Sostenibilità dell'ambiente$v22 676 $a307.1$cUrbanistica. Sociologia della comunità$v22 702 1$aGolinska-Dawson$bPaulina$3VANV194515 702 1$aKosacka-Olejnik$bMonika$3VANV194531 702 1$aTsai$bKune-Muh$3VANV194529 712 $aSpringer $3VANV108073$4650 790 1$aTsai, K. M.$zTsai, Kune-Muh$3VANV194530 790 1$aTsai, K.M.$zTsai, Kune-Muh$3VANV216075 801 $aIT$bSOL$c20240614$gRICA 912 $fN 912 $aVAN0261697 996 $aSmart and sustainable supply chain and logistics$91991451 997 $aUNICAMPANIA LEADER 02737nam0 2200625 i 450 001 VAN0124302 005 20230703030330.741 017 70$2N$a9783319709369 100 $a20191014d2017 |0itac50 ba 101 $aeng 102 $aCH 105 $a|||| ||||| 200 1 $aIntroductory Statistics for Business and Economic$eTheory, Exercises and Solutions$fJan Ubøe 210 $aCham$cSpringer$d2017 215 $axiv, 466 p.$cill.$d24 cm 410 1$1001VAN0124303$12001 $aSpringer Texts in Business and Economics$1210 $aBerlin [etc.]$cSpringer 500 1$3VAN0235674$aStatistikk for økonomifag$92493959 606 $a60-XX$xProbability theory and stochastic processes [MSC 2020]$3VANC020428$2MF 606 $a62-XX$xStatistics [MSC 2020]$3VANC022998$2MF 606 $a91-XX$xGame theory, economics, finance, and other social and behavioral sciences [MSC 2020]$3VANC025601$2MF 606 $a62Pxx$xApplications of statistics [MSC 2020]$3VANC027777$2MF 606 $a62Jxx$xLinear inference, regression [MSC 2020]$3VANC028385$2MF 606 $a91G70$xStatistical methods; risk measures [MSC 2020]$3VANC030929$2MF 606 $a62Fxx$xParametric inference [MSC 2020]$3VANC031220$2MF 610 $aApplications of statistics to business and economics$9KW:K 610 $aApplications to finance$9KW:K 610 $aCombinatorics$9KW:K 610 $aConditional probabilities$9KW:K 610 $aDescriptive Statistics$9KW:K 610 $aEstimation$9KW:K 610 $aExcel for statistics$9KW:K 610 $aExpectation$9KW:K 610 $aHypothesis Testing$9KW:K 610 $aInference$9KW:K 610 $aMean and variance$9KW:K 610 $aOption pricing$9KW:K 610 $aProbability Theory$9KW:K 610 $aProbability distribution$9KW:K 610 $aRandom variables$9KW:K 610 $aRegression$9KW:K 610 $aStatistical thinking$9KW:K 610 $aStatistics exercises$9KW:K 610 $aStatistics for Economics$9KW:K 610 $aStatistics for business$9KW:K 620 $aCH$dCham$3VANL001889 700 1$aUbøe$bJan$3VANV095744$0506744 712 $aSpringer $3VANV108073$4650 801 $aIT$bSOL$c20240614$gRICA 856 4 $uhttp://doi.org/10.1007/978-3-319-70936-9$zE-book ? Accesso al full-text attraverso riconoscimento IP di Ateneo, proxy e/o Shibboleth 899 $aBIBLIOTECA DEL DIPARTIMENTO DI MATEMATICA E FISICA$1IT-CE0120$2VAN08 912 $fN 912 $aVAN0124302 950 $aBIBLIOTECA DEL DIPARTIMENTO DI MATEMATICA E FISICA$d08CONS e-book 0734 $e08eMF734 20191014 996 $aStatistikk for økonomifag$92493959 997 $aUNICAMPANIA